000 00397nam a2200157Ia 4500
005 20240919152212.0
008 240126s9999 xx 000 0 und d
020 _a9788126132409
082 _a647.94 MET;1 R
100 _aMetti, M C.
245 0 _aHotel management : sales and marketing service
260 _bAnmol Publ.
_aNew Delhi
300 _avii, 279
440 _aNULL
942 _cPU
999 _c286661
_d286661